[Event "Penang op-B 9th"]
[Site "Penang"]
[Date "2017.12.07"]
[Round "6"]
[White "Tan, Jun Hao"]
[Black "Chong, Ming Ee"]
[Result "1-0"]
[WhiteElo "1901"]
[BlackElo "1469"]
[PlyCount "107"]
[EventDate "2017.12.04"]
[EventType "swiss"]
[EventRounds "9"]
[EventCountry "MAS"]
[SourceTitle "CBM 182 Extra"]
[Source "ChessBase"]
[SourceDate "2018.02.23"]
[SourceVersion "1"]
[SourceVersionDate "2018.02.23"]
[SourceQuality "1"]

1. e4 c5 2. Nf3 Nc6 3. d4 cxd4 4. Nxd4 g6 5. c4 Bg7 6. Be3 Nf6 7. Nc3 0-0 8. Be2 a6 9. 0-0 d6 10. Rc1 Bd7 11. Qd2 Qc7 12. f3 e6 13. Rfd1 Rfd8 14. Nb3 Be8 15. Na4 Qe7 16. Qe1 Nd7 17. Qg3 Be5 18. f4 Bg7 19. c5 dxc5 20. Nbxc5 Nxc5 21. Bxc5 Qf6 22. e5 Qf5 23. Nb6 Rxd1+ 24. Rxd1 Rb8 25. Bd6 Rd8 26. Bd3 Qh5 27. Rc1 Bf8 28. Bxf8 Kxf8 29. Qe3 Kg7 30. Nc4 Nb4 31. Be2 Nd5 32. Bxh5 Nxe3 33. Nxe3 gxh5 34. Rd1 Rxd1+ 35. Nxd1 f6 36. h4 Kf7 37. Kf2 Ke7 38. Ke3 f5 39. Kd4 Kd7 40. Ne3 b5 41. Kc5 Kc7 42. Nc2 a5 43. a3 Bd7 44. b4 axb4 45. axb4 Bc6 46. Nd4 Bd5 47. Nxb5+ Kd7 48. g3 h6 49. Kb6 Bf3 50. Nd4 Bd5 51. b5 Kc8 52. Ka7 Kc7 53. b6+ Kc8 54. Nxe6 1-0

[Event "Penang op-B 9th"]
[Site "Penang"]
[Date "2017.12.05"]
[Round "3"]
[White "Chong, Ming Ee"]
[Black "Fariha, Mariroh"]
[Result "0-1"]
[WhiteElo "1469"]
[BlackElo "1851"]
[PlyCount "172"]
[EventDate "2017.12.04"]
[EventType "swiss"]
[EventRounds "9"]
[EventCountry "MAS"]
[SourceTitle "CBM 182 Extra"]
[Source "ChessBase"]
[SourceDate "2018.02.23"]
[SourceVersion "1"]
[SourceVersionDate "2018.02.23"]
[SourceQuality "1"]

1. e4 c5 2. Nf3 d6 3. d4 cxd4 4. Nxd4 Nf6 5. Nc3 e6 6. Bc4 a6 7. a3 Be7 8. 0-0 0-0 9. Be3 Qc7 10. Bb3 Nc6 11. f4 Bd7 12. Qd2 Na5 13. Rad1 Ng4 14. Kh1 Nxe3 15. Qxe3 Nxb3 16. Nxb3 Rac8 17. Qd2 Rfd8 18. Rfe1 Be8 19. f5 Bf6 20. Nd4 Qc4 21. fxe6 fxe6 22. Qd3 Bf7 23. Re3 Kf8 24. Nde2 Bh5 25. Rf1 Qxd3 26. cxd3 Ke7 27. Nf4 Be8 28. Rc1 Rc5 29. g3 Rdc8 30. Nfe2 Bg5 31. Nf4 e5 32. Nfd5+ Ke6 33. Ree1 Bxc1 34. Rxc1 Bb5 35. Rd1 Rf8 36. Kg2 Rcc8 37. d4 exd4 38. Rxd4 g5 39. Ne3 Bc6 40. Rd3 Rf7 41. Ng4 Rcf8 42. Rd2 Bb5 43. Nxb5 axb5 44. Ne3 Ke5 45. Nf5 Rf6 46. Kf3 g4+ 47. Ke3 Re6 48. Rd5+ Kf6 49. Rxb5 Rfe8 50. Kd3 Rxe4 51. Nxd6 Re3+ 52. Kd4 R8e6 53. Rb6 Re2 54. Kd3 Rxh2 55. Ne4+ Kf5 56. Rb5+ Re5 57. Rb4 Rd5+ 58. Ke3 Rh1 59. Ke2 Rh6 60. Kf2 Re6 61. Nc3 Rd2+ 62. Kf1 Re3 63. Rb5+ Ke6 64. Rb6+ Rd6 65. Rxb7 Rxg3 66. Rxh7 Rf3+ 67. Kg1 Rd2 68. Rh6+ Kf5 69. Rb6 g3 70. Rb8 Rff2 71. Rf8+ Kg4 72. Rg8+ Kf3 73. Rf8+ Ke3 74. Re8+ Kd3 75. Re1 Rg2+ 76. Kh1 Rxb2 77. Nd5 Rh2+ 78. Kg1 Rbg2+ 79. Kf1 Rf2+ 80. Kg1 Rh5 81. Nb4+ Kd2 82. Rb1 Rfh2 83. Rb3 Rh1+ 84. Kg2 R1h2+ 85. Kg1 Ke2 86. Rb2+ Kf3 0-1